000 002690000a22000970004500
100 1 _aÁlvares A., Maria Dolores
245 1 0 _aIdentidad cultural nicaragüense y globalización
300 _aNúm 7 (1996), Páginas 85-88
773 0 _tMision evangélica hoy
942 _cANA
999 _c51865
_d51865